|
|
|
|
| LEADER |
02687nam a22005175i 4500 |
| 001 |
978-3-319-23404-5 |
| 003 |
DE-He213 |
| 005 |
20160307141339.0 |
| 007 |
cr nn 008mamaa |
| 008 |
150826s2015 gw | s |||| 0|eng d |
| 020 |
|
|
|a 9783319234045
|9 978-3-319-23404-5
|
| 024 |
7 |
|
|a 10.1007/978-3-319-23404-5
|2 doi
|
| 040 |
|
|
|d GrThAP
|
| 050 |
|
4 |
|a QA76.758
|
| 072 |
|
7 |
|a UMZ
|2 bicssc
|
| 072 |
|
7 |
|a COM051230
|2 bisacsh
|
| 082 |
0 |
4 |
|a 005.1
|2 23
|
| 245 |
1 |
0 |
|a Model Checking Software
|h [electronic resource] :
|b 22nd International Symposium, SPIN 2015, Stellenbosch, South Africa, August 24-26, 2015, Proceedings /
|c edited by Bernd Fischer, Jaco Geldenhuys.
|
| 250 |
|
|
|a 1st ed. 2015.
|
| 264 |
|
1 |
|a Cham :
|b Springer International Publishing :
|b Imprint: Springer,
|c 2015.
|
| 300 |
|
|
|a XVIII, 319 p. 66 illus.
|b online resource.
|
| 336 |
|
|
|a text
|b txt
|2 rdacontent
|
| 337 |
|
|
|a computer
|b c
|2 rdamedia
|
| 338 |
|
|
|a online resource
|b cr
|2 rdacarrier
|
| 347 |
|
|
|a text file
|b PDF
|2 rda
|
| 490 |
1 |
|
|a Lecture Notes in Computer Science,
|x 0302-9743 ;
|v 9232
|
| 505 |
0 |
|
|a Abstraction, refinement, translation -- Büchi automata and hashing -- Embedded systems -- Heuristics and benchmarks -- SAT/SMT- based approaches -- Software validation and verification.
|
| 520 |
|
|
|a This book constitutes the refereed proceedings of the 22nd International Symposium on Model Checking Software, SPIN 2015, held in Stellenbosch, South Africa, in August 2015. The 18 papers presented – 14 regular papers and 4 tool or new idea papers – were carefully reviewed and selected from 27 submissions. They cover the field between theoretical advances and practical considerations and are organized in topical sections such as abstraction, refinement, translation; Büchi automata and hashing; embedded systems; heuristics and benchmarks; SAT/SMT- based approaches; software validation and verification.
|
| 650 |
|
0 |
|a Computer science.
|
| 650 |
|
0 |
|a Software engineering.
|
| 650 |
|
0 |
|a Programming languages (Electronic computers).
|
| 650 |
|
0 |
|a Computer logic.
|
| 650 |
1 |
4 |
|a Computer Science.
|
| 650 |
2 |
4 |
|a Software Engineering.
|
| 650 |
2 |
4 |
|a Programming Languages, Compilers, Interpreters.
|
| 650 |
2 |
4 |
|a Logics and Meanings of Programs.
|
| 700 |
1 |
|
|a Fischer, Bernd.
|e editor.
|
| 700 |
1 |
|
|a Geldenhuys, Jaco.
|e editor.
|
| 710 |
2 |
|
|a SpringerLink (Online service)
|
| 773 |
0 |
|
|t Springer eBooks
|
| 776 |
0 |
8 |
|i Printed edition:
|z 9783319234038
|
| 830 |
|
0 |
|a Lecture Notes in Computer Science,
|x 0302-9743 ;
|v 9232
|
| 856 |
4 |
0 |
|u http://dx.doi.org/10.1007/978-3-319-23404-5
|z Full Text via HEAL-Link
|
| 912 |
|
|
|a ZDB-2-SCS
|
| 912 |
|
|
|a ZDB-2-LNC
|
| 950 |
|
|
|a Computer Science (Springer-11645)
|